<?xml version="1.0" encoding="UTF-8"?>
<collection xmlns="http://www.loc.gov/MARC21/slim">
<record>
  <controlfield tag="001">247253</controlfield>
  <controlfield tag="005">20260201182558.0</controlfield>
  <datafield tag="022" ind1=" " ind2=" ">
    <subfield code="2">(DE-600)2719198-9</subfield>
    <subfield code="a">2223-8905</subfield>
  </datafield>
  <datafield tag="022" ind1=" " ind2=" ">
    <subfield code="a">2223-8905</subfield>
    <subfield code="l">2223-8905</subfield>
  </datafield>
  <datafield tag="022" ind1=" " ind2=" ">
    <subfield code="a">2414-6250</subfield>
  </datafield>
  <datafield tag="024" ind1="7" ind2=" ">
    <subfield code="2">ZDBID</subfield>
    <subfield code="a">PERI:(DE-600)3101584-0</subfield>
  </datafield>
  <datafield tag="024" ind1="7" ind2=" ">
    <subfield code="2">ZDBPPN</subfield>
    <subfield code="a">ZDPPN:124621430X</subfield>
  </datafield>
  <datafield tag="024" ind1="7" ind2=" ">
    <subfield code="2">EZBID</subfield>
    <subfield code="a">PERI:(DE-606)480958</subfield>
  </datafield>
  <datafield tag="024" ind1="7" ind2=" ">
    <subfield code="2">EZBID</subfield>
    <subfield code="a">PERI:(DE-606)480958</subfield>
  </datafield>
  <datafield tag="024" ind1="7" ind2=" ">
    <subfield code="2">OCLC</subfield>
    <subfield code="a">OCLC:1286711686</subfield>
  </datafield>
  <datafield tag="024" ind1="7" ind2=" ">
    <subfield code="2">ISI</subfield>
    <subfield code="a">WOS:JOURNAL OF PRINT AND MEDIA TECHNOLOGY RESEARCH</subfield>
  </datafield>
  <datafield tag="024" ind1="7" ind2=" ">
    <subfield code="2">SCOPUS</subfield>
    <subfield code="a">SCOPUS:21100847304</subfield>
  </datafield>
  <datafield tag="024" ind1="7" ind2=" ">
    <subfield code="2">JCR</subfield>
    <subfield code="a">JCR:J PRINT MEDIA TECHNO</subfield>
  </datafield>
  <datafield tag="030" ind1=" " ind2=" ">
    <subfield code="2">DE-600</subfield>
    <subfield code="a">JPMTBI</subfield>
  </datafield>
  <datafield tag="035" ind1=" " ind2=" ">
    <subfield code="a">PERI:(DE-600)3101584-0</subfield>
  </datafield>
  <datafield tag="040" ind1=" " ind2=" ">
    <subfield code="a">0355</subfield>
    <subfield code="b">ger</subfield>
    <subfield code="c">DE-101</subfield>
    <subfield code="d">JOIN²</subfield>
    <subfield code="e">JOIN² journal identification</subfield>
  </datafield>
  <datafield tag="041" ind1=" " ind2=" ">
    <subfield code="a">eng</subfield>
  </datafield>
  <datafield tag="044" ind1=" " ind2=" ">
    <subfield code="c">XA-DE</subfield>
  </datafield>
  <datafield tag="242" ind1="2" ind2="0">
    <subfield code="2">DE-600</subfield>
    <subfield code="a">Journal of print and media technology research</subfield>
    <subfield code="y">en</subfield>
  </datafield>
  <datafield tag="242" ind1="2" ind2="0">
    <subfield code="2">DE-600</subfield>
    <subfield code="a">Journal of print and media technology research</subfield>
  </datafield>
  <datafield tag="245" ind1=" " ind2=" ">
    <subfield code="2">DE-600</subfield>
    <subfield code="a">Journal of print and media technology research</subfield>
    <subfield code="h">print, online</subfield>
  </datafield>
  <datafield tag="246" ind1="3" ind2=" ">
    <subfield code="2">DE-600</subfield>
    <subfield code="a">Journal of print and media technology research</subfield>
  </datafield>
  <datafield tag="246" ind1="3" ind2=" ">
    <subfield code="a">Journal of print and media technology research</subfield>
  </datafield>
  <datafield tag="260" ind1=" " ind2=" ">
    <subfield code="a">Darmstadt</subfield>
    <subfield code="b">IARIGAI</subfield>
    <subfield code="c">[2020?]-</subfield>
  </datafield>
  <datafield tag="260" ind1="7" ind2=" ">
    <subfield code="2">DOAJ</subfield>
    <subfield code="a">Germany</subfield>
    <subfield code="b">IARIGAI - The International Association of Research Organizations for the Information, Media and Graphic Arts Industries</subfield>
    <subfield code="d">2021-09-29T10:00:08Z</subfield>
    <subfield code="f">IARIGAI - The International Association of Research Organizations for the Information, Media and Graphic Arts Industries</subfield>
  </datafield>
  <datafield tag="264" ind1="3" ind2="1">
    <subfield code="a">Darmstadt</subfield>
    <subfield code="b">IARIGAI</subfield>
    <subfield code="c">[2020?]-</subfield>
  </datafield>
  <datafield tag="362" ind1="0" ind2=" ">
    <subfield code="2">DE-600</subfield>
    <subfield code="a">Vol. 9,  no. 1 (2020) [?]-</subfield>
  </datafield>
  <datafield tag="363" ind1="0" ind2="1">
    <subfield code="2">DE-600</subfield>
    <subfield code="8">1.1\x</subfield>
    <subfield code="a">9</subfield>
    <subfield code="b">1</subfield>
    <subfield code="i">2020</subfield>
  </datafield>
  <datafield tag="380" ind1=" " ind2=" ">
    <subfield code="2">marcgt</subfield>
    <subfield code="a">journal</subfield>
  </datafield>
  <datafield tag="500" ind1=" " ind2=" ">
    <subfield code="a">Automatically generated record. (Updated: 2025-11-07)</subfield>
  </datafield>
  <datafield tag="650" ind1=" " ind2="7">
    <subfield code="0">ASJC:3315</subfield>
    <subfield code="2">ASJC</subfield>
    <subfield code="a">Communication</subfield>
  </datafield>
  <datafield tag="650" ind1=" " ind2="7">
    <subfield code="0">ASJC:2214</subfield>
    <subfield code="2">ASJC</subfield>
    <subfield code="a">Media Technology</subfield>
  </datafield>
  <datafield tag="650" ind1=" " ind2="7">
    <subfield code="0">ASJC:1213</subfield>
    <subfield code="2">ASJC</subfield>
    <subfield code="a">Visual Arts and Performing Arts</subfield>
  </datafield>
  <datafield tag="653" ind1="1" ind2="0">
    <subfield code="2">EZB-Subject</subfield>
    <subfield code="a">Media and Communication Studies, Communication Design</subfield>
  </datafield>
  <datafield tag="653" ind1="1" ind2="0">
    <subfield code="2">EZB-Keyword</subfield>
    <subfield code="a">Medienwissenschaft</subfield>
  </datafield>
  <datafield tag="653" ind1="1" ind2="0">
    <subfield code="2">DOAJ</subfield>
    <subfield code="a">printing</subfield>
    <subfield code="d">2021-09-29T10:00:08Z</subfield>
  </datafield>
  <datafield tag="653" ind1="1" ind2="0">
    <subfield code="2">DOAJ</subfield>
    <subfield code="a">publishing</subfield>
    <subfield code="d">2021-09-29T10:00:08Z</subfield>
  </datafield>
  <datafield tag="653" ind1="1" ind2="0">
    <subfield code="2">DOAJ</subfield>
    <subfield code="a">media</subfield>
    <subfield code="d">2021-09-29T10:00:08Z</subfield>
  </datafield>
  <datafield tag="653" ind1="1" ind2="0">
    <subfield code="2">DOAJ</subfield>
    <subfield code="a">graphic</subfield>
    <subfield code="d">2021-09-29T10:00:08Z</subfield>
  </datafield>
  <datafield tag="653" ind1="1" ind2="0">
    <subfield code="2">DOAJ</subfield>
    <subfield code="a">image processing</subfield>
    <subfield code="d">2021-09-29T10:00:08Z</subfield>
  </datafield>
  <datafield tag="653" ind1="1" ind2="0">
    <subfield code="2">DOAJ</subfield>
    <subfield code="a">colour reproduction</subfield>
    <subfield code="d">2021-09-29T10:00:08Z</subfield>
  </datafield>
  <datafield tag="653" ind1="1" ind2="0">
    <subfield code="2">DOAJ</subfield>
    <subfield code="a">Technology</subfield>
    <subfield code="d">2021-09-29T10:00:08Z</subfield>
  </datafield>
  <datafield tag="776" ind1="0" ind2="8">
    <subfield code="2">DE-600</subfield>
    <subfield code="d">Darmstadt : The @Internat. Assoc. of Research Organizations for the Information, Media and Graphic Arts Industries, 2012-</subfield>
    <subfield code="i">Erscheint auch als</subfield>
    <subfield code="n">Druck-Ausgabe</subfield>
    <subfield code="t">Journal of print and media technology research</subfield>
    <subfield code="w">(DE-600)2719198-9</subfield>
    <subfield code="x">2223-8905</subfield>
  </datafield>
  <datafield tag="856" ind1="4" ind2=" ">
    <subfield code="d">0</subfield>
    <subfield code="u">https://ezb.ur.de/?3101584-0</subfield>
    <subfield code="y">EZB</subfield>
  </datafield>
  <datafield tag="856" ind1="4" ind2=" ">
    <subfield code="d">0</subfield>
    <subfield code="u">https://jpmtr.org/index.php/journal</subfield>
    <subfield code="y">Verlag = kostenfrei</subfield>
  </datafield>
  <datafield tag="856" ind1="4" ind2=" ">
    <subfield code="d">0</subfield>
    <subfield code="u">https://jpmtr.org/index.php/journal/about</subfield>
    <subfield code="y">Scope</subfield>
  </datafield>
  <datafield tag="856" ind1="4" ind2=" ">
    <subfield code="d">0</subfield>
    <subfield code="u">https://jpmtr.org/index.php/journal/about/editorialTeam</subfield>
    <subfield code="y">Editorial board</subfield>
  </datafield>
  <datafield tag="856" ind1="4" ind2=" ">
    <subfield code="d">0</subfield>
    <subfield code="u">https://jpmtr.org/index.php/journal/about/submissions</subfield>
    <subfield code="y">Instructions for Authors</subfield>
  </datafield>
  <datafield tag="880" ind1="1" ind2=" ">
    <subfield code="2">DE-600</subfield>
    <subfield code="a">Journal of print and media technology research</subfield>
  </datafield>
  <datafield tag="909" ind1="C" ind2="O">
    <subfield code="o">oai:juser.fz-juelich.de:912605</subfield>
    <subfield code="p">authority:PERI</subfield>
    <subfield code="p">authority</subfield>
  </datafield>
  <datafield tag="915" ind1=" " ind2=" ">
    <subfield code="0">StatID:(DE-HGF)0200</subfield>
    <subfield code="2">StatID</subfield>
    <subfield code="a">DBCoverage</subfield>
    <subfield code="b">SCOPUS</subfield>
    <subfield code="d">2025-11-07</subfield>
  </datafield>
  <datafield tag="915" ind1=" " ind2=" ">
    <subfield code="0">StatID:(DE-HGF)0501</subfield>
    <subfield code="2">StatID</subfield>
    <subfield code="a">DBCoverage</subfield>
    <subfield code="b">DOAJ Seal</subfield>
    <subfield code="d">2021-09-29T10:00:08Z</subfield>
  </datafield>
  <datafield tag="915" ind1=" " ind2=" ">
    <subfield code="0">StatID:(DE-HGF)0500</subfield>
    <subfield code="2">StatID</subfield>
    <subfield code="a">DBCoverage</subfield>
    <subfield code="b">DOAJ</subfield>
    <subfield code="d">2021-09-29T10:00:08Z</subfield>
  </datafield>
  <datafield tag="915" ind1=" " ind2=" ">
    <subfield code="0">StatID:(DE-HGF)0030</subfield>
    <subfield code="2">StatID</subfield>
    <subfield code="a">Peer Review</subfield>
    <subfield code="b">DOAJ : Double anonymous peer review</subfield>
    <subfield code="d">2021-09-29T10:00:08Z</subfield>
  </datafield>
  <datafield tag="915" ind1=" " ind2=" ">
    <subfield code="0">LIC:(DE-HGF)CCBYNCNV</subfield>
    <subfield code="2">V:(DE-HGF)</subfield>
    <subfield code="a">Creative Commons Attribution-NonCommercial CC BY-NC (No Version)</subfield>
    <subfield code="b">DOAJ</subfield>
    <subfield code="d">2021-09-29T10:00:08Z</subfield>
  </datafield>
  <datafield tag="915" ind1=" " ind2=" ">
    <subfield code="0">StatID:(DE-HGF)0199</subfield>
    <subfield code="2">StatID</subfield>
    <subfield code="a">DBCoverage</subfield>
    <subfield code="b">Clarivate Analytics Master Journal List</subfield>
    <subfield code="d">2025-11-07</subfield>
  </datafield>
  <datafield tag="915" ind1=" " ind2=" ">
    <subfield code="0">StatID:(DE-HGF)0112</subfield>
    <subfield code="2">StatID</subfield>
    <subfield code="a">WoS</subfield>
    <subfield code="b">Emerging Sources Citation Index</subfield>
    <subfield code="d">2025-11-07</subfield>
  </datafield>
  <datafield tag="915" ind1=" " ind2=" ">
    <subfield code="0">StatID:(DE-HGF)0150</subfield>
    <subfield code="2">StatID</subfield>
    <subfield code="a">DBCoverage</subfield>
    <subfield code="b">Web of Science Core Collection</subfield>
    <subfield code="d">2025-11-07</subfield>
  </datafield>
  <datafield tag="915" ind1=" " ind2=" ">
    <subfield code="0">StatID:(DE-HGF)0100</subfield>
    <subfield code="2">StatID</subfield>
    <subfield code="a">JCR</subfield>
    <subfield code="b">J PRINT MEDIA TECHNO : 2022</subfield>
    <subfield code="d">2025-11-07</subfield>
  </datafield>
  <datafield tag="915" ind1=" " ind2=" ">
    <subfield code="0">StatID:(DE-HGF)9900</subfield>
    <subfield code="2">StatID</subfield>
    <subfield code="a">IF &lt; 5</subfield>
    <subfield code="d">2025-11-07</subfield>
  </datafield>
  <datafield tag="980" ind1=" " ind2=" ">
    <subfield code="a">PERI</subfield>
  </datafield>
  <datafield tag="980" ind1=" " ind2=" ">
    <subfield code="a">AUTHORITY</subfield>
  </datafield>
  <datafield tag="909" ind1="C" ind2="O">
    <subfield code="o">oai:juser.fz-juelich.de:912605</subfield>
  </datafield>
</record>
</collection>